| 000 | 00571nam a22001577a 4500 | ||
|---|---|---|---|
| 005 | 20120501144946.0 | ||
| 020 |
_a8171322522 _c00.00 |
||
| 035 | _aB-42565 | ||
| 037 |
_aDPL _bENG |
||
| 100 |
_aSahu, Asima _946140 |
||
| 245 |
_aWomen's liberation and human rights / _cby Asima Sahu |
||
| 260 |
_aJaipur _bPointer Publishers _c2000 |
||
| 300 |
_av, 216p. _c20 cms. |
||
| 942 |
_2ddc _cEN _h323.34 _mSAH |
||
| 999 |
_c65914 _d65914 |
||